000 00860nam a22003017a 4500
001 0000897
003 KOHA_MİRAKIL
005 20260207001223.0
007 ta
008 081212b2008 tu |||gr||||#0|||1|tur |
020 _a9754710643
_cYTL25,425
040 _aTR-BiSEU
_btur
_cTR-BiSEU
_erda
041 0 _atur
044 _ctu
050 _aPE1460
_b.I54 2008
245 0 _aİngilizce'de güçlükler ve çözümleri.
264 1 _aİstanbul :
_bFono Yayınları
_c2008
300 _a540 sayfa
336 _ametin
_btxt
_2rdacontent
337 _aaracısız
_bn
_2rdamedia
338 _acilt
_bnc
_2rdacarrier
650 0 _aEnglish language--Usage.
_93466
650 0 _aEnglish language--Errors of usage.
_93467
650 0 _aİngiliz dili--Kullanım.
_93468
650 0 _aİngiliz dili--Kullanım hataları.
_93469
907 _aDil
942 _2lcc
_cBK
999 _c892
_d892